00521nam a2200181Ia 4500003000900000008004100009040001300050040001300063041000800076100001600084245017200100250001000272260002200282260000900304300001000313300001000323490000600333IT-RoPAU120407s9999 xx 000 0 und d aIT-RoPAU cIT-RoPAU afra aLouis Pirot a"La S. Bible. Texte latin et trad. franc. d’après Les textes originaux avec un commentaire exégetique et theologique. Commencée sous la direction de L. Pirot" aParis aLetouzey et Ané c1946 a12 p. c22 cm v1